Quantitative analysis for health services administration / (Record no. 763)

000 -LEADER
fixed length control field 01626nam a22003857a 4500
001 - CONTROL NUMBER
control field 3504587
003 - CONTROL NUMBER IDENTIFIER
control field OSt
005 - DATE AND TIME OF LATEST TRANSACTION
control field 20210422052143.0
008 - FIXED-LENGTH DATA ELEMENTS--GENERAL INFORMATION
fixed length control field 950508s1995 vaua b 001 0 eng c
010 ## - LIBRARY OF CONGRESS CONTROL NUMBER
LC control number 95009346
020 ## - INTERNATIONAL STANDARD BOOK NUMBER
International Standard Book Number 1567930328 (alk. paper)
040 ## - CATALOGING SOURCE
Original cataloging agency DNLM/DLC
Transcribing agency DLC
Modifying agency DLC
050 00 - LIBRARY OF CONGRESS CALL NUMBER
Classification number RA394.8
Item number .A94 1995
060 10 - NATIONAL LIBRARY OF MEDICINE CALL NUMBER
Classification number W 84 AA1 A9q 1995
080 ## - UNIVERSAL DECIMAL CLASSIFICATION NUMBER
Universal Decimal Classification number 614
Item number A-93
082 00 - DEWEY DECIMAL CLASSIFICATION NUMBER
Classification number 362.1/068
Edition number 20
100 1# - MAIN ENTRY--PERSONAL NAME
Personal name Austin, Charles J.,
Dates associated with a name 1957-
245 10 - TITLE STATEMENT
Title Quantitative analysis for health services administration /
Statement of responsibility, etc. Charles J. Austin, Stuart B. Boxerman ; with contributions by Tee H. Hiett.
260 ## - PUBLICATION, DISTRIBUTION, ETC.
Place of publication, distribution, etc. Arlington, VA :
Name of publisher, distributor, etc. AUPHA Press ;
Place of publication, distribution, etc. Ann Arbor, Mich. :
Name of publisher, distributor, etc. Health Administration Press,
Date of publication, distribution, etc. 1995.
300 ## - PHYSICAL DESCRIPTION
Extent xviii, 333 p. :
Other physical details ill. (some col.) ;
Dimensions 24 cm.
500 ## - GENERAL NOTE
General note This book is designed to be used with a basic computer software package in the field of quantitative decision analysis.
504 ## - BIBLIOGRAPHY, ETC. NOTE
Bibliography, etc. note Includes bibliographical references and index.
650 #0 - SUBJECT ADDED ENTRY--TOPICAL TERM
Topical term or geographic name entry element Health services administration
General subdivision Mathematical models.
650 #0 - SUBJECT ADDED ENTRY--TOPICAL TERM
Topical term or geographic name entry element Health services administration
General subdivision Statistical methods.
650 #0 - SUBJECT ADDED ENTRY--TOPICAL TERM
Topical term or geographic name entry element Operations research.
650 12 - SUBJECT ADDED ENTRY--TOPICAL TERM
Topical term or geographic name entry element Health Services
General subdivision organization & administration
Geographic subdivision United States .
650 22 - SUBJECT ADDED ENTRY--TOPICAL TERM
Topical term or geographic name entry element Decision Making, Organizational.
650 22 - SUBJECT ADDED ENTRY--TOPICAL TERM
Topical term or geographic name entry element Management Information Systems.
653 ## - INDEX TERM--UNCONTROLLED
Uncontrolled term ჯანდაცვა
700 1# - ADDED ENTRY--PERSONAL NAME
Personal name Boxerman, Stuart B.
700 1# - ADDED ENTRY--PERSONAL NAME
Personal name Hiett, Tee H.
906 ## - LOCAL DATA ELEMENT F, LDF (RLIN)
a 7
b cbc
c orignew
d 1
e ocip
f 19
g y-gencatlg
942 ## - ADDED ENTRY ELEMENTS (KOHA)
Source of classification or shelving scheme
Koha item type Books
Holdings
Withdrawn status Lost status Source of classification or shelving scheme Damaged status Not for loan Permanent location Current location Date acquired Inventory number Total Checkouts Full call number Barcode Date last seen Price effective from Koha item type
          Ken Walker International University Ken Walker International University 12/21/2020 2216   614 A-93 2216 12/21/2020 12/21/2020 Books

Powered by Koha